Prescripcin̤ e imprescriptibilidad de los delitos Org̕enes. Fundamentos. Naturaleza jurd̕ica /

Detalles Bibliográficos
Autor principal: Cerrada Moreno, Manuel
Formato: eBook
Lenguaje:español
Publicado: Barcelona: J.M. Bosch Editor, 2018
Materias:
Acceso en línea:Acceso restringido

MARC

LEADER 00000nam a22000007a 4500
005 2019041405435.0
007 cr|||| ||||
008 190414s2018 es |||||s|||| 00||0 spa d
020 |a 978-84-948188-2-0 
035 |a 23091 
040 |a vLex 
090 |c 8624  |d 8624 
100 1 |a Cerrada Moreno, Manuel 
245 1 0 |a Prescripcin̤ e imprescriptibilidad de los delitos  |h [Recurso electrn̤ico] :  |b Org̕enes. Fundamentos. Naturaleza jurd̕ica /  |c Manuel Cerrada Moreno 
256 |a Servicio en ln̕ea 
260 |a Barcelona:  |b J.M. Bosch Editor,  |c 2018 
300 |a 1 recurso electrn̤ico 
500 |a En este libro, de forma novedosa, se trata de forma conjunta la prescripcin̤ y la imprescriptibilidad de los delitos, estudiando la evolucin̤ histr̤ica de cada una de estas figuras desde sus org̕enes hasta su actual regulacin̤ en el Cd̤igo Penal espaǫl tras su modificacin̤ por Ley Orgǹica 1/2015, de 30 de marzo, con mencin̤ especial a la importante reforma operada en la materia por la Ley Orgǹica 5/2010, de 22 de junio. Asimismo, se estudian los fundamentos jurd̕icos y filosf̤icos de estos conceptos, prestando especial atencin̤ a la nocin̤ de imprescriptibilidad surgida tras la Segunda Guerra Mundial y los Juicios de Nr︢emberg con el fin de evitar la impunidad de los crm̕enes considerados ms̀ graves. Se realizan cumplidas referencias a los tratados internacionales sobre la materia, hoy culminados por el vigente Estatuto de Roma por el que se crea la Corte Penal Internacional, y se abordan cuestiones tales como la relativa a la asignacin̤ de una determinada naturaleza jurd̕ica a la prescripcin̤ y los problemas de orden prc̀tico que ello suscita, como es la posibilidad o no de aplicacin̤ retroactiva de las normas que modifiquen el rǧimen legal de prescripcin̤ de un delito o declaren su imprescriptibilidad. 
506 1 |a Disponible solo en los productos indicados  |d vLex Global  |d vLex Global (Academic Edition, excluding Law Schools)  |d vLex Global (U.S. Academic Edition, Law Schools)  |d vLex Global (U.S. Academic Edition, excluding Law Schools)  |d vLex Global (Academic Edition, Law Schools) 
650 0 4 |a Procedimiento Penal  |z Espaą 
740 0 |a vLex Libros (Servicio en ln̕ea) 
856 4 0 |u http://vlex.com/source/prescripcion-e-imprescriptibilidad-de-los-delitos-origenes-fundamentos-naturaleza-juridica-23091  |z Acceso restringido 
942 |c BOOK 
999 0 |a Penal procedure